000
00209 a2200097 4500
001
42695
100
_a
Eisen Hower
245
_a
Crusade in Europe
260
_a
New York
_b
Double Day
_c
090
_c
26589
_d
26589
942
_a
NUST-CAE
_c
M
_c
18434
999
_c
277768
_d
277768